01594nam a2200385 a 4500001001200000003000800012006001900020007001500039008004100054010001700095020003100112020001800143020002700161040002100188035002100209043001200230050002900242082001700271100002800288245010300316260004500419300001100464490008500475504006600560533015200626600004900778600004700827650002900874651003500903655002900938710001700967830008100984856012601065999001701191ebr10600498CaPaEBRm u cr cn|||||||||100909s2011 enk sb 001 0 eng d z 2010036976 z9783039114221 (alk. paper) z9783039114221 z9783035300567 (e-book) aCaPaEBRcCaPaEBR a(OCoLC)812911692 ae-ge---14aPT2673.A4686bZ65 2011eb04a833/.9142221 aByrnes, Deirdre,d1972-10aRereading Monika Maronh[electronic resource] :btext, counter-text and context /cDeirdre Byrnes. aOxford ;aNew York :bPeter Lang,c2011. a193 p.1 aBritish and Irish studies in German language and literature,x0171-6662 ;vv. 50 aIncludes bibliographical references (p. [181]-189) and index. aElectronic reproduction.bPalo Alto, Calif. :cebrary,d2011.nAvailable via World Wide Web.nAccess may be limited to ebrary affiliated libraries.10aMaron, MonikaxCriticism and interpretation.10aMaron, MonikaxPolitical and social views. 0aSocialism in literature. 0aGermany (East)xIn literature. 7aElectronic books.2local2 aebrary, Inc. 0aBritische und Irische Studien zur deutschen Sprache und Literatur ;vno. 50.40uhttp://site.ebrary.com/lib/rucke/Doc?id=10600498zAn electronic book accessible through the World Wide Web; click to view c98728d98728